[Event "Ciencias Prueba"]
[Site "Ciencias"]
[Date "2019.??.??"]
[Round "5.1"]
[White "Fischer, Hugo"]
[Black "Navarro Madrid, Omar"]
[Result "0-1"]
[WhiteElo "1662"]
[BlackElo "1711"]
[PlyCount "88"]
[EventDate "2019.05.30"]
[EventType "swiss"]
[EventRounds "9"]
[EventCountry "ARG"]
[SourceTitle "EXT 2024"]
[Source "ChessBase"]
[SourceDate "2023.10.10"]
[SourceVersion "1"]
[SourceVersionDate "2023.10.10"]
[SourceQuality "1"]

1. e4 c6 2. d3 d5 3. Nd2 dxe4 4. Nxe4 Bf5 5. Bf4 Nd7 6. Nf3 Ndf6 7. Nxf6+ Nxf6 8. h3 e6 9. Bg5 Be7 10. Bxf6 Bxf6 11. c3 0-0 12. d4 Qb6 13. Qb3 c5 14. Qxb6 axb6 15. dxc5 bxc5 16. Bc4 Be4 17. Be2 b5 18. 0-0 b4 19. Nd2 Bc6 20. Rfc1 bxc3 21. bxc3 Bg5 22. Rd1 Bf6 23. Rdc1 Bd5 24. Bc4 Ra3 25. Bxd5 exd5 26. Nb3 Rc8 27. Rc2 c4 28. Nd2 Bxc3 29. Rd1 Bxd2 30. Rdxd2 Ra5 31. Kf1 Kf8 32. Ke2 Ke7 33. Ke3 Kd6 34. Kd4 Ra3 35. f3 Re8 36. Rc3 Ra5 37. Rb2 Kc6 38. Rbc2 Re1 39. Rd2 Ra1 40. Rcc2 f6 41. f4 Ra3 42. f5 Re1 43. Rxc4+ dxc4 44. Kxc4 Re4+ 0-1